Desvíos de la deriva: experiencias, travesías y morfologías
Збережено в:
| Співавтор: | |
|---|---|
| Формат: | Книга |
| Мова: | Іспанська |
| Опубліковано: |
Madrid
Museo Nacional Centro de Arte Reina Sofía
2010
|
| Редагування: | 1a. ed |
| Предмети: | |
| Теги: |
Додати тег
Немає тегів, Будьте першим, хто поставить тег для цього запису!
|
MARC
| LEADER | 00000cam a2200000 a 4500 | ||
|---|---|---|---|
| 001 | UCC0804 | ||
| 003 | CL-VaPUC | ||
| 008 | 170908e20100000sp |||||||||||||||||spa|d | ||
| 020 | |a 9788480264242 | ||
| 082 | 0 | 4 | |a 701.17 |b MUS |2 21 |
| 110 | 2 | |a Museo Nacional Centro de Arte Reina Sofía |e author |9 594798 | |
| 245 | 1 | 0 | |a Desvíos de la deriva: experiencias, travesías y morfologías |
| 250 | |a 1a. ed | ||
| 300 | |a 301 p | ||
| 942 | |c BK | ||
| 945 | |d 20170908 13:53:00 |a dcastane | ||
| 260 | |a Madrid |b Museo Nacional Centro de Arte Reina Sofía |c 2010 | ||
| 650 | 0 | |a Arte contemporáneo |9 338008 | |
| 650 | 0 | |a Filosofía del arte |9 264951 | |
| 650 | 0 | |a Bellas artes |9 334299 | |
| 650 | 0 | |a Exposiciones |9 265884 | |
| 650 | 0 | |a Arquitectura |9 804558 | |
| 583 | |a last modification |c 20170908 13:53:00 |k Rodrigo Vera | ||
| 999 | |c 369511 |d 369509 | ||
| 952 | |0 0 |1 0 |3 erb |4 0 |6 701_170000000000000_MUS_2010 |7 0 |8 A |9 485344 |a BIBARQ |b BIBARQ |i 5421136 |l 33 |m 2 |o 701.17 MUS 2010 |p 5421136 |q 2025-07-18 |r 2024-11-05 |s 2024-11-05 |w 2019-11-24 |y BK |z Catalogado en:20170908 |k ARQ | ||